000
00215 a2200097 4500
001
29488
100
_a
Hamlyn
245
_a
Encyclopedia of the world combat aircraft
260
_a
_b
Hamly
_c
090
_c
19670
_d
19670
942
_a
NUST-CAE
_c
M
_c
10747
999
_c
264561
_d
264561